La tragedia de Irlanda (Record no. 63752)

MARC details
000 -LEADER
campo de control de longitud fija 00602nam a2200181 i 4500
001 - NÚMERO DE CONTROL
campo de control 63752
003 - IDENTIFICADOR DE NÚMERO DE CONTROL
campo de control ES-MaACL
005 - FECHA Y HORA DE LA ÚLTIMA TRANSACCIÓN
campo de control 20230906164947.0
007 - CAMPO FIJO DE DESCRIPCIÓN FÍSICA--INFORMACIÓN GENERAL
campo de control de longitud fija t|
008 - DATOS DE LONGITUD FIJA--INFORMACIÓN GENERAL
campo de control de longitud fija 031216s1921 sp ||||1| spa d
100 1# - ENTRADA PRINCIPAL--NOMBRE DE PERSONA
Nombre de persona Figgis, Darrel.
9 (RLIN) 50740
245 13 - MENCIÓN DEL TÍTULO
Título La tragedia de Irlanda
Resto del título : sus orígenes, su desarrollo histórico, su fase actual /
Mención de responsabilidad, etc. [por] Darrel Figgis y Erskine Childers ; traducción de A. Ruiz y Pablo.
260 ## - PUBLICACIÓN, DISTRIBUCIÓN, ETC.
Lugar de publicación, distribución, etc. Barcelona :
Nombre del editor, distribuidor, etc. Barral,
Fecha de publicación, distribución, etc. 1921.
300 ## - DESCRIPCIÓN FÍSICA
Extensión 294 p. ;
Dimensiones 20 cm.
700 1# - ENTRADA AGREGADA--NOMBRE PERSONAL
Nombre de persona Childers, Erskine.
9 (RLIN) 38515
700 1# - ENTRADA AGREGADA--NOMBRE PERSONAL
Nombre de persona Ruiz y Pablo, A.
9 (RLIN) 100957
852 ## - LOCALIZACIÓN
Ubicación ES-MaACL
Número de control de estantería F-5889
Holdings
Estatus retirado Estado de pérdida Estado de daño No para préstamo Biblioteca de origen Biblioteca actual Ubicación en estantería Fecha de adquisición Fuente de adquisición Total de préstamos Signatura topográfica completa Código de barras Visto por última vez Precio de reemplazo Tipo de ítem Koha
        Biblioteca del Ateneo de Madrid Biblioteca del Ateneo de Madrid Depósito 2 17/01/2008     F-5889 1066813 23/02/2023 23/02/2023 Libro impreso